Statistics for Countries Containing These Three Letters #3

Click here to take the quiz!

General Stats

  • This quiz has been taken 278 times
  • The average score is 12 of 20

Answer Stats

SequenceCountry% Correct
BRABrazil
94%
ICEIceland
92%
IJIFiji
91%
GYPEgypt
90%
RAQIraq
90%
XICMexico
86%
ULGBulgaria
82%
EZUVenezuela
72%
RMAGermany
70%
GYZKyrgyzstan
70%
AZEAzerbaijan
69%
ITZSwitzerland
61%
OZAMozambique
60%
EMEYemen
47%
ELSEl Salvador
30%
TEILiechtenstein
24%
NAFBurkina Faso
23%
RIBKiribati
19%
UADEcuador
18%
VERCape Verde
12%

Score Distribution

Percentile by Number Answered

Percent of People with Each Score

Your Score History

You have not taken this quiz